000 00335nam a2200121 4500
008 b xx# fre u
040 _aLB-BrCRDP
082 1 _a370.7
_bPER
100 1 _ade Peretti, André
245 1 0 _aOrganiser des formations
_cAndré de Peretti
942 _cBK
999 _c10031
_d10031